000 00298nam a2200109 a 4500
005 20201002035739.0
008 131017s1678 000 spa d
020 _aBarcelona
245 0 _aOrdenancas del Bven Govierno de la Armada del Mar Oceano...
260 _aBarcelona,
_c1678.
999 _c41263
_d41263
040 _aDO-SdBNP